000
00331nam a22001577a 4500
003
SGT
020
_a
978-81-312-3293-4
082
_a
617, S14T
100
_a
TOWNSEND, C. M.
245
_a
TEXTBOOK OF SURGERY
250
_a
19TH
260
_a
ASIA
_b
ELSEVIER
_c
2014
300
_a
2129
650
_a
SURGERY
942
_2
ddc
_c
BK
_0
1
999
_c
8476
_d
8476